000 00548nmm a2200181Ia 4500
008 251105s9999||||xx |||||||||||||||||und||
020 _a9788431533649
041 _aspa
100 _aValet, Gilles-Marie
245 0 _aNo me gusta la escuela. Entenderlo, ayudarlo
264 _a[Madrid, España] :
_bDe Vecchi,
_c[Fecha de publicación no identificada]
300 _a0 páginas
650 _aEducation
700 _aValet, Gilles-Marie
700 1 _a Lanchon, Anne
856 _uhttps://public.digitaliapublishing.com/a/123079
942 _cCF
999 _c72212
_d72212